Site selectivity in dipolar cycloaddition reacyions of nitrilimines with polyfunctional dipole / (رقم التسجيلة. 179783)

تفاصيل مارك
000 -LEADER
fixed length control field 01596namaa22003371i 4500
005 - أخر تعامل مع التسجيلة
control field 20260428122416.0
008 - FIXED-LENGTH DATA ELEMENTS--GENERAL INFORMATION
fixed length control field 260428s1995 ua a|||frm||| 000 0 eng d
040 ## - CATALOGING SOURCE
Original cataloguing agency EG-GICUC
Language of cataloging eng
Transcribing agency EG-GICUC
Modifying agency EG-GICUC
Description conventions rda
041 0# - LANGUAGE CODE
Language code of text/sound track or separate title eng
Language code of summary or abstract eng
049 ## - Acquisition Source
Acquisition Source Deposit
097 ## - Degree
Degree M.Sc
099 ## - LOCAL FREE-TEXT CALL NUMBER (OCLC)
Local Call Number Cai01.12.07.M.Sc.1995.En.S
100 0# - MAIN ENTRY--PERSONAL NAME
Authority record control number or standard number Enas Mohamed Ahmed Hassan,
Preparation preparation.
245 10 - TITLE STATEMENT
Title Site selectivity in dipolar cycloaddition reacyions of nitrilimines with polyfunctional dipole /
Statement of responsibility, etc. By Enas Mohamed Ahmed Hassan ; Supervised Prof. Dr. Ahmed S. Shawali, Prof. Dr. Hamdi M. Hassneen, Pirof. Dr. Orchidee H. Hishmat, Prof. Dr. Atiat M. Nasef
246 15 - VARYING FORM OF TITLE
Title proper/short title انتقائية الموقع في تفاعلات الاضافة الحلقية ثنائة القطب للنتريليمينات مع الداي بولاروفيلات متعددة المجموعات الوظيفية
264 #0 - PRODUCTION, PUBLICATION, DISTRIBUTION, MANUFACTURE, AND COPYRIGHT NOTICE
Date of production, publication, distribution, manufacture, or copyright notice 1995.
300 ## - PHYSICAL DESCRIPTION
Extent 72 Leaves
Other physical details illustrations
Dimensions 30 cm. +
336 ## - CONTENT TYPE
Source rda content
Content type term text
337 ## - MEDIA TYPE
Source rdamedia
Media type term Unmediated
338 ## - CARRIER TYPE
Source rdacarrier
Carrier type term volume
502 ## - DISSERTATION NOTE
Dissertation note Thesis (M.Sc.)-Cairo University, 1995
504 ## - BIBLIOGRAPHY, ETC. NOTE
Bibliography, etc. note Bibliography: pages 66-72
653 #0 - INDEX TERM--UNCONTROLLED
Uncontrolled term polyfunctional dipole
700 0# - ADDED ENTRY--PERSONAL NAME
Personal name Ahmed S. Shawali
Relator term thesis advisor.
700 0# - ADDED ENTRY--PERSONAL NAME
Personal name Hamdi M. Hassneen
Relator term thesis advisor.
700 0# - ADDED ENTRY--PERSONAL NAME
Personal name Orchidee H. Hishmat
Relator term thesis advisor.
700 0# - ADDED ENTRY--PERSONAL NAME
Personal name Atiat M. Nasef
Relator term thesis advisor.
900 ## - Thesis Information
Department Department of Chemistry
Faculties Faculty of Science
Universities Cairo University
Grant date 1995
Supervisory body Ahmed S. Shawali
-- Hamdi M. Hassneen
-- Orchidee H. Hishmat
-- Atiat M. Nasef
905 ## - Cataloger and Reviser Names
Cataloger Name Nehad
942 ## - ADDED ENTRY ELEMENTS (KOHA)
Source of classification or shelving scheme Dewey Decimal Classification
Koha item type Thesis
Edition 21
Suppress in OPAC No
المقتنيات
Source of classification or shelving scheme Home library Current library Date acquired Inventory number Full call number Barcode Date last seen Effective from Koha item type
Dewey Decimal Classification المكتبة المركزبة الجديدة - جامعة القاهرة مكتبة المئوية 28.04.2026 26394 Cai01.12.07.M.Sc.1995.En.S 01010110026394000 28.04.2026 28.04.2026 Thesis
Cairo University Libraries Portal Implemented & Customized by: Eng. M. Mohamady Contacts: new-lib@cl.cu.edu.eg | cnul@cl.cu.edu.eg
CUCL logo CNUL logo
© All rights reserved — Cairo University Libraries
CUCL logo
Implemented & Customized by: Eng. M. Mohamady Contact: new-lib@cl.cu.edu.eg © All rights reserved — New Central Library
CNUL logo
Implemented & Customized by: Eng. M. Mohamady Contact: cnul@cl.cu.edu.eg © All rights reserved — Cairo National University Library